[Event "TCh-Europe Boys U18"]
[Site "Balatonlelle HUN"]
[Date "2001.06.22"]
[Round "1"]
[White "Esen,B"]
[Black "Jianu,V"]
[Result "1/2-1/2"]
[WhiteElo "2174"]
[BlackElo "2320"]

1.Nf3 Nf6 2.d4 g6 3.c4 Bg7 4.Nc3 d6 5.e4 O-O 6.Be2 e5 7.O-O exd4 8.Nxd4 Re8
9.f3 Nc6 10.Be3 Nh5 11.Nc2 f5 12.Qd2 Be6 13.Rad1 fxe4 14.Nxe4 Nf6 15.Nc3 Qe7
16.Rfe1 Rad8 17.Nd5 Qf7 18.b3 Ne5 19.Nf4 Bf5 20.Nd4 Bc8 21.Nb5 a6 22.Nc3 Kh8
23.Nfd5 Rf8 24.Bg5 Rde8 25.Be3 Be6 26.Nxf6 Bxf6 27.Ne4 Bg7 28.c5 dxc5 29.Bxc5 Rg8
30.Bd4 Nc6 31.Bxg7+ Qxg7 32.Ng5 h6 33.Nxe6 Rxe6 34.Bc4 Rd6 35.Qf4 Rf8 36.Qg3 Rxd1
37.Rxd1 Ne5 38.Bf1 Qf6 39.Re1 Qb6+ 40.Kh1 Nf7 41.Bc4 Qd6 42.Qh4 Kg7 43.h3 Ng5
44.a4 c6 45.Qf2 b5 46.Qa7+ Kh8 47.Bf1 Qb4 48.Qe7 Qf4 49.Qe5+ Qxe5 50.Rxe5 Rd8
51.h4 Nf7 52.Re7 Kg7 53.Ra7 Rd1 54.Kg1 Rb1 55.Rxa6 Rxb3 56.axb5 cxb5 57.Rb6 b4
58.Rb7 Rb1 59.Kf2 Kf8 60.Bd3 Rb2+ 61.Kg3 g5 62.h5 b3  1/2-1/2

[Event "ch-NED Women"]
[Site "Leeuwarden NED"]
[Date "2001.06.22"]
[Round "3"]
[White "Schuurman,P"]
[Black "Sziva,E"]
[Result "1/2-1/2"]
[WhiteElo "2193"]
[BlackElo "2331"]

1.c4 g6 2.d4 Nf6 3.Nc3 Bg7 4.e4 d6 5.Nf3 O-O 6.Be2 e5 7.Be3 Ng4 8.Bg5 f6
9.Bh4 g5 10.Bg3 Nh6 11.d5 Qe8 12.Nd2 f5 13.exf5 Nxf5 14.Nde4 Qe7 15.Bg4 Bd7
16.Rc1 a5 17.O-O Na6 18.Re1 b6 19.f3 Be8 20.Bf2 Bg6 21.Qd2 h6 22.Ng3 Nc5
23.Nxf5 Bxf5 24.Bxf5 Rxf5 25.Ne4 Qe8 26.b3 Qg6 27.h3 Bf8 28.Qc2 Qf7 29.Ng3 Rf6
30.Ne4 Rf5 31.Ng3 Rf6 32.Ne4  1/2-1/2

[Event "Clichy vs Select GMs"]
[Site "Clichy FRA"]
[Date "2001.06.24"]
[Round "1"]
[White "Lautier,J"]
[Black "Relange,E"]
[Result "1-0"]
[WhiteElo "2658"]
[BlackElo "2484"]

1.d4 Nf6 2.c4 g6 3.Nc3 Bg7 4.e4 d6 5.Nf3 O-O 6.Be2 e5 7.Be3 Ng4 8.Bg5 f6
9.Bh4 g5 10.Bg3 Nh6 11.dxe5 dxe5 12.h4 g4 13.Nh2 Qxd1+ 14.Rxd1 c6 15.Nf1 f5
16.exf5 Nxf5 17.Ne3 Nxg3 18.fxg3 h5 19.Rf1 Na6 20.Rxf8+ Kxf8 21.Ne4 Be6 22.Ng5 Ke7
23.Bd3 Rf8 24.Bg6 e4 25.Ke2 Nc5 26.Nxe6 Kxe6 27.b3 Nd3 28.Bxe4 Ne5 29.c5 Re8
30.Nf5 Bf8 31.b4 b6 32.Nd6 Rb8 33.Rd2 bxc5 34.bxc5 Rb4 35.Bc2 Be7 36.Bb3+ Kf6
37.Rd1 Kg6 38.Rf1 Bxd6 39.Bc2+ Kg7 40.cxd6 Rd4 41.Rd1 Rxd1 42.Bxd1 Kf6 43.Bb3 c5
44.Bd5 Nd7 45.Bc6 Nb8 46.Be8 Ke6 47.Bxh5 Kxd6 48.Bxg4 Ke5 49.Bf3 Nd7 50.Kd3 Nb6
51.g4 Kf4 52.g5 Kf5 53.Be4+ Kg4 54.g6 Nd7 55.g7  1-0

[Event "Polish Supercup"]
[Site "Warsaw POL"]
[Date "2001.06.24"]
[Round "2"]
[White "Staniszewski,Pi"]
[Black "Socko,B"]
[Result "0-1"]
[WhiteElo "2448"]
[BlackElo "2554"]

1.d4 Nf6 2.c4 g6 3.Nc3 Bg7 4.e4 d6 5.Nf3 O-O 6.Be2 e5 7.dxe5 dxe5 8.Qxd8 Rxd8
9.Bg5 Rf8 10.Nd5 Nxd5 11.cxd5 c6 12.Bc4 b5 13.Bb3 Bb7 14.Rc1 a5 15.a3 a4
16.Ba2 Rc8 17.Be3 b4 18.axb4 a3 19.bxa3 Rxa3 20.Bb1 cxd5 21.Rxc8+ Bxc8 22.exd5 Ba6
23.Kd2 Nd7 24.Rc1 Bf8 25.Rc7 Bxb4+ 26.Kc1 Nf6 27.Bd2 Bxd2+ 28.Kxd2 Nxd5 29.Ra7 f6
30.h4 Ra1 31.Ra8+ Kg7 32.Rb8 Ra4 33.Rd8 Nb6 34.Bc2 Ra3 35.Kc1 Ra1+ 36.Bb1 Bb7
37.Rb8 Bxf3 38.gxf3 Nc4 39.Rb7+ Kh6 40.Rf7 Na3 41.Kb2 Rxb1+ 42.Kxa3 f5  0-1

[Event "TSGM"]
[Site "Belgrade YUG"]
[Date "2001.06.26"]
[Round "11"]
[White "Milanovic,D"]
[Black "Popchev,M"]
[Result "1-0"]
[WhiteElo "2421"]
[BlackElo "2469"]

1.d4 g6 2.c4 Bg7 3.Nc3 d6 4.e4 Nd7 5.Nf3 e5 6.Be2 Ngf6 7.O-O O-O 8.Re1 exd4
9.Nxd4 Re8 10.Bf1 Nc5 11.f3 Bd7 12.Be3 a6 13.Qd2 Na4 14.Nxa4 Bxa4 15.b3 Bd7
16.Rad1 Qe7 17.Nc2 Rad8 18.Bg5 Qe5 19.Nb4 Rc8 20.Nd3 Qe7 21.c5 Be6 22.Qb4 h6
23.Bh4 Rb8 24.cxd6 cxd6 25.Nf4 Bf8 26.Nd5  1-0

[Event "TCh-Europe Boys U18"]
[Site "Balatonlelle HUN"]
[Date "2001.06.27"]
[Round "5"]
[White "Rau,H"]
[Black "Jianu,V"]
[Result "0-1"]
[WhiteElo "2248"]
[BlackElo "2320"]

1.d4 Nf6 2.c4 g6 3.Nc3 Bg7 4.e4 d6 5.Nf3 O-O 6.Be2 e5 7.O-O Na6 8.d5 Nc5
9.Qc2 a5 10.Bg5 h6 11.Be3 Nh5 12.Qd2 Kh7 13.Ne1 Nf4 14.Bxf4 exf4 15.Qxf4 Qe7
16.Bd3 a4 17.a3 f5 18.exf5 Nxd3 19.Nxd3 Bxf5 20.Qd2 Qh4 21.f4 Bxd3 22.Qxd3 Rxf4
23.Rxf4 Qxf4 24.Rf1 Qd4+ 25.Qxd4 Bxd4+ 26.Kh1 Bxc3 27.bxc3 Re8 28.h3 Kg7
29.Rb1 b6 30.Rb4 Re3 31.Rxa4 Rxc3 32.Kh2 Kf6 33.g4 Kg5 34.Kg2 Kh4 35.Ra8 Rxc4
36.Rh8 Kg5 37.Rh7 b5 38.Rf7 Rc3 39.Kh2 Rxa3 40.Rxc7 Rd3  0-1

[Event "Open"]
[Site "Batumi GEO"]
[Date "2001.06.29"]
[Round "4"]
[White "Kotanjian,T"]
[Black "Gogochuri,L"]
[Result "1-0"]
[WhiteElo "2369"]
[BlackElo "2094"]

1.d4 Nf6 2.c4 g6 3.Nc3 Bg7 4.e4 d6 5.Be2 O-O 6.Nf3 e5 7.O-O Nbd7 8.Be3 Re8
9.d5 Nh5 10.g3 Ndf6 11.Ne1 Qe7 12.Rc1 Rf8 13.Nd3 Bh3 14.Re1 Bd7 15.c5 h6
16.cxd6 cxd6 17.Bf3 Nh7 18.Bxh5 gxh5 19.Qxh5 f5 20.exf5 Bxf5 21.Qe2 Qd7 22.f3 Bxd3
23.Qxd3 Rxf3 24.Rf1 Raf8 25.Rxf3 Rxf3 26.Rf1 Ng5 27.Qe2 Rxf1+ 28.Qxf1 Qg4
29.Bxg5 Qxg5 30.Qb5 b6 31.Kg2 Qf5 32.Qe2 Qg6 33.Ne4 Kh7 34.a4 a5 35.Qc2 Kg8
36.b3 Kh7 37.Kf3 Qf5+ 38.Ke3 Kg8 39.Qf2 Qc8 40.Kd3 Qb7 41.Kc4 Qa6+ 42.Kc3 b5
43.Qe2 Qc8+ 44.Kd2 bxa4 45.bxa4 Qd7 46.Qc4 h5 47.Ke1 Qh3 48.Nxd6 Qxh2 49.Qc8+ Kh7
50.Qf5+ Kg8 51.Qc8+ Kh7 52.Qf5+ Kh8 53.Ne4 Qg1+ 54.Ke2 Qg2+ 55.Kd3 Qb2 56.d6 Qd4+
57.Ke2 Qc4+ 58.Kf2 Qc2+ 59.Kf1 Qd1+ 60.Kg2 Qc2+ 61.Kh3 Qd1 62.Kh4 Bh6 63.Qxe5+ Kg8
64.Nf6+ Kf7 65.Qxh5+ Qxh5+ 66.Kxh5 Bg7 67.Ne4 Ke6 68.g4 Bf8 69.g5 Kf5 70.g6 Kxe4
71.d7  1-0

[Event "Open"]
[Site "Andorra AND"]
[Date "2001.07.01"]
[Round "2"]
[White "Cheparinov,I"]
[Black "Shklovski,Vl"]
[Result "1-0"]
[WhiteElo "2444"]
[BlackElo "2222"]

1.d4 Nf6 2.c4 g6 3.Nc3 Bg7 4.e4 d6 5.Nf3 O-O 6.Be2 e5 7.Be3 Ng4 8.Bg5 f6
9.Bc1 Nc6 10.d5 Ne7 11.h3 Nh6 12.h4 Bg4 13.h5 g5 14.Qb3 Bc8 15.c5 Nf7 16.Be3 h6
17.g4 Bxg4 18.Nxg5 Nxg5 19.Bxg4 f5 20.Bxg5 fxg4 21.Be3 b6 22.Rg1 bxc5 23.Rxg4 Qd7
24.Rg3 Kh7 25.O-O-O Bf6 26.Rdg1 Rab8 27.Qc2 Rg8 28.f3 Rxg3 29.Rxg3 Rg8 30.Qg2 Qe8
31.Rxg8 Nxg8 32.Qg4 Bg7 33.Qf5+ Kh8 34.Kc2 a6 35.b3 Qe7 36.Qh3 Qf7 37.Ne2 Bf8
38.Qg4 Qe8 39.Ng3 c4 40.f4 cxb3+ 41.axb3 Bg7 42.Nf5 Bf6 43.Qe2 exf4 44.Bxf4 Kh7
45.Qc4 Bd8 46.Ng3 Qf7 47.e5 dxe5 48.Qe4+ Kh8 49.Qxe5+ Bf6 50.Qe6 Qf8 51.Ne4 Bg7
52.Bxc7 Qa3 53.d6 Qb2+ 54.Kd3 Qb1+ 55.Kc4 Qf1+ 56.Kb4 Qe1+ 57.Kc5  1-0

[Event "6th Leg Russian Cup"]
[Site "Tomsk RUS"]
[Date "2001.07.01"]
[Round "2"]
[White "Kornev,Alexe"]
[Black "Gajsin,E"]
[Result "1-0"]
[WhiteElo "2507"]
[BlackElo "2366"]

1.c4 Nf6 2.Nc3 g6 3.Nf3 Bg7 4.e4 d6 5.d4 O-O 6.Be2 e5 7.O-O Qe8 8.d5 a5 9.Ne1 Na6
10.Nd3 Nb4 11.Bg5 h6 12.Bh4 Nh5 13.Bxh5 gxh5 14.Nb5 Qd7 15.f4 c6 16.Nc3 f5
17.fxe5 dxe5 18.Na4 Nxd3 19.Qxd3 fxe4 20.Qxe4 Qg4 21.Nc5 Qxe4 22.Nxe4 cxd5
23.cxd5 Bf5 24.Rfe1 Ra6 25.Be7 Rfa8 26.Nc5 Rg6 27.d6 b6 28.d7 bxc5 29.d8=Q+ Rxd8
30.Bxd8 e4 31.Bxa5 Bxb2 32.Rab1 Bd4+ 33.Kh1 Ra6 34.Rb5 e3 35.a4 Bd3 36.Rb8+ Kf7
37.Rb7+ Kf6 38.Bd8+ Ke5 39.a5 Rg6 40.Rb6 c4  1-0

[Event "Open"]
[Site "Andorra AND"]
[Date "2001.07.02"]
[Round "3"]
[White "Avrukh,B"]
[Black "De la Paz,F"]
[Result "1-0"]
[WhiteElo "2600"]
[BlackElo "2437"]

1.d4 Nf6 2.c4 g6 3.Nc3 Bg7 4.e4 d6 5.Nf3 O-O 6.Be2 e5 7.Be3 Ng4 8.Bg5 f6
9.Bh4 Nc6 10.d5 Ne7 11.Nd2 Nh6 12.f3 c5 13.dxc6 bxc6 14.b4 Be6 15.Nb3 d5
16.Na5 d4 17.Na4 g5 18.Bf2 f5 19.Nc5 Bc8 20.h3 Nf7 21.exf5 Bxf5 22.Bd3 Qc8
23.O-O Nd6 24.Re1 Ng6 25.Qa4 Nf4 26.Nxc6 Rf7 27.Bf1 e4 28.Nxd4 Bxh3 29.Nxe4 Nxe4
30.Rxe4 Bf5 31.Nxf5 Qxf5 32.Rae1 g4 33.Qb5 Qxb5 34.cxb5 gxf3 35.Bc4 Nxg2
36.Re8+ Rxe8 37.Rxe8+ Bf8 38.Bf1 Nf4 39.Re1 Bg7 40.Bd4 Bxd4+  1-0

[Event "Open"]
[Site "Batumi GEO"]
[Date "2001.07.02"]
[Round "6"]
[White "Kamadadze,Z"]
[Black "Ismailova,P"]
[Result "0-1"]
[WhiteElo "2262"]
[BlackElo "2140"]

1.d4 Nf6 2.c4 g6 3.Nc3 Bg7 4.e4 d6 5.Be2 Nbd7 6.Nf3 O-O 7.O-O e5 8.Re1 h6
9.Rb1 a5 10.Bf1 Re8 11.d5 Nh7 12.a3 f5 13.b4 axb4 14.axb4 f4 15.Nd2 g5 16.f3 h5
17.Bb2 Kh8 18.Ra1 Rxa1 19.Qxa1 g4 20.Nb5 Rg8 21.Qa5 Qh4 22.Re2 Ng5 23.Qxc7 Bf6
24.Kh1 gxf3 25.Nxf3 Qg4 26.Nxg5 Bxg5 27.Nxd6 f3 28.Nf7+ Kh7 29.Rf2 fxg2+
30.Bxg2 Be3 31.Nxe5 Qd1+ 32.Bf1 Bxf2  0-1

[Event "Sub-zt 2.3.2"]
[Site "Managua NCA"]
[Date "2001.07.02"]
[Round "3"]
[White "Lacayo,R"]
[Black "Minero Pineda,S"]
[Result "0-1"]
[WhiteElo "2281"]
[BlackElo "2412"]

1.d4 Nf6 2.c4 g6 3.Nc3 Bg7 4.e4 d6 5.Nf3 O-O 6.Be2 e5 7.d5 a5 8.Bg5 h6 9.Bh4 Na6
10.Nd2 Qe8 11.O-O Bd7 12.b3 Nh7 13.a3 f5 14.exf5 gxf5 15.Bh5 Qc8 16.Be7 Re8
17.Bxe8 Qxe8 18.Bh4 e4 19.Qc2 Qh5 20.Bg3 Rf8 21.Bf4 Qg4 22.g3 Ng5 23.Kh1 Nf3
24.Rac1 Nc5 25.Nxf3 Qxf3+ 26.Kg1 Nd3 27.Qd2 Bd4 28.Rc2 Rf6 29.Nb5 Bb6 30.Rc3 Rg6
31.Rxd3 exd3 32.Be3 f4 33.Qxd3 Rg7  0-1

[Event "6th Leg Russian Cup"]
[Site "Tomsk RUS"]
[Date "2001.07.03"]
[Round "4"]
[White "Kazakov,P"]
[Black "Smirnov,P"]
[Result "0-1"]
[WhiteElo "2300"]
[BlackElo "2511"]

1.d4 Nf6 2.c4 g6 3.Nc3 Bg7 4.e4 d6 5.Nf3 O-O 6.Be2 e5 7.dxe5 dxe5 8.Qxd8 Rxd8
9.Bg5 c6 10.Nxe5 Re8 11.O-O-O Na6 12.Rd6 Be6 13.f4 Nc5 14.Bf3 Nh5 15.Bxh5 gxh5
16.Bh4 Bxe5 17.fxe5 Bxc4 18.Rhd1 Rxe5 19.R1d4 Bf1 20.b4 Na6 21.Rf6 c5 22.Rd7 Bc4
23.b5 Nb4 24.Bg3 Rg5 25.Rd2 Rg4 26.Rfd6 f5 27.a3 Nd3+ 28.R2xd3 Bxd3 29.Rxd3 f4
30.Bf2 Rxg2 31.Rf3 Rxh2 32.Bxc5 Rc8 33.Bd4 h4 34.Rxf4 h3 35.Kd1 Rh1+ 36.Kd2 h2
37.Rh4 Rf8 38.Be5 Rf2+ 39.Ke3 Rg2 40.Kd3 Rf2 41.Kc4 Rc2 42.a4 b6 43.Rh3 Rg2
44.Kd5 Rg5 45.Ke6 Rg6+ 46.Ke7 Rf1 47.Bxh2 Rf7+ 48.Kd8 Rgg7 49.Bd6 Rd7+ 50.Ke8 Rxd6
51.Nd5 Re6+ 52.Kd8 Kf8  0-1

[Event "Open"]
[Site "Andorra AND"]
[Date "2001.07.05"]
[Round "6"]
[White "Cheparinov,I"]
[Black "Comas Fabrego,L"]
[Result "1/2-1/2"]
[WhiteElo "2444"]
[BlackElo "2510"]

1.d4 Nf6 2.c4 g6 3.Nc3 Bg7 4.e4 d6 5.Nf3 O-O 6.Be2 e5 7.O-O Na6 8.Be3 Ng4
9.Bg5 Qe8 10.dxe5 dxe5 11.h3 f6 12.Bc1 Nh6 13.Rb1 Nc5 14.b4 Ne6 15.c5 Nf7
16.Re1 f5 17.Bc4 f4 18.Bb2 c6 19.Ne2 Kh8 20.Nc1 Neg5 21.Nxg5 Nxg5 22.f3 Be6
23.Bxe6 Qxe6 24.Qb3 Qe7 25.Nd3 Rad8 26.Rbd1 Rd7 27.Nf2 Rfd8 28.Rxd7 Rxd7
29.Rd1 Rxd1+  1/2-1/2

[Event "Open"]
[Site "Karvina CZE"]
[Date "2001.07.06"]
[Round "7"]
[White "Sarakauskas,G"]
[Black "Karlik,V"]
[Result "1-0"]
[WhiteElo "2403"]
[BlackElo "2302"]

1.d4 Nf6 2.Nf3 g6 3.c4 Bg7 4.Nc3 O-O 5.e4 d6 6.Be2 e5 7.Be3 h6 8.h3 exd4
9.Nxd4 Re8 10.Bf3 Nbd7 11.O-O Nh7 12.g4 Ng5 13.Bg2 Nc5 14.Qc2 Qe7 15.Rae1 Bd7
16.b4 Na6 17.a3 c5 18.Nd5 Qd8 19.Nb5 Bc6 20.Nbc3 Bxd5 21.Nxd5 Ne6 22.f4 Nd4
23.Qf2 f5 24.exf5 gxf5 25.g5 Nc7 26.gxh6 Bh8 27.h7+ Kxh7 28.Nxc7 Qxc7 29.Qh4+ Kg6
30.Qg5+ Kh7 31.Qh5+  1-0

[Event "IV Copa Mercosur"]
[Site "Vicente Lopez ARG"]
[Date "2001.07.06"]
[Round "11"]
[White "Ricardi,P"]
[Black "Matsuura,E"]
[Result "1-0"]
[WhiteElo "2554"]
[BlackElo "2467"]

1.d4 Nf6 2.c4 g6 3.Nc3 Bg7 4.Nf3 O-O 5.e4 d6 6.Be2 Na6 7.O-O e5 8.Be3 Ng4
9.Bg5 Qe8 10.Re1 h6 11.Bh4 c6 12.Bg3 Qe7 13.c5 dxc5 14.d5 Rd8 15.Bxa6 bxa6
16.h3 Nf6 17.Nxe5 Bb7 18.Qb3 cxd5 19.exd5 c4 20.Qxc4 Rac8 21.Qb3 Nxd5 22.Nxg6 Qd7
23.Nxd5 Bxd5 24.Ne7+ Qxe7 25.Rxe7 Bxb3 26.axb3 Bxb2 27.Rxa6 Rd1+ 28.Kh2 Bd4
29.Rxh6 Rcc1 30.Bf4 Rc2 31.Re8+ Kg7 32.Rd6  1-0

[Event "ch-NOR"]
[Site "Kristiansund NOR"]
[Date "2001.07.07"]
[Round "1"]
[White "Christenson,F"]
[Black "Trygstad,K"]
[Result "1/2-1/2"]
[WhiteElo "2218"]
[BlackElo "2323"]

1.d4 Nf6 2.Nf3 g6 3.c4 Bg7 4.Nc3 O-O 5.e4 d6 6.Be2 e5 7.O-O Na6 8.Be3 Ng4
9.Bg5 Qe8 10.dxe5 h6 11.Bd2 dxe5 12.h3 Nf6 13.Be3 Qe7 14.a3 c6 15.b4 Nh5
16.Re1 Nf4 17.Bf1 Ne6 18.Ra2 Nac7 19.c5 Ng5 20.Nxg5 hxg5 21.Bc4 a5 22.Qa1 g4
23.hxg4 Bxg4 24.Qb2 Nd5  1/2-1/2

[Event "ch-BEL"]
[Site "Charleroi BEL"]
[Date "2001.07.08"]
[Round "2"]
[White "Chuchelov,V"]
[Black "Meessen,R"]
[Result "1-0"]
[WhiteElo "2607"]
[BlackElo "2323"]

1.d4 Nf6 2.Nf3 g6 3.c4 Bg7 4.Nc3 O-O 5.e4 d6 6.Be2 e5 7.Be3 h6 8.O-O Ng4
9.Bc1 Nc6 10.d5 Ne7 11.Nd2 f5 12.Bxg4 fxg4 13.b4 g5 14.c5 Ng6 15.Nc4 Rf4
16.Be3 Bf8 17.a4 Nh4 18.Qd3 Qd7 19.Rfc1 Be7 20.c6 bxc6 21.dxc6 Qd8 22.Nd5 Rf7
23.b5 Bf8 24.a5 Be6 25.b6 axb6 26.axb6 Rxa1 27.Rxa1 Bxd5 28.Qxd5 cxb6 29.Nxe5 Qf6
30.Qxf7+  1-0

[Event "PanAm Junior"]
[Site "Yucay PER"]
[Date "2001.07.08"]
[Round "1"]
[White "Tournier,Mati"]
[Black "Mansilla,J"]
[Result "1-0"]
[WhiteElo "2135"]
[BlackElo "2326"]

1.d4 Nf6 2.c4 g6 3.Nc3 Bg7 4.e4 d6 5.Nf3 O-O 6.Be2 e5 7.Be3 Na6 8.O-O Ng4
9.Bg5 Qe8 10.h3 h6 11.Bh4 exd4 12.Nd5 g5 13.hxg4 gxh4 14.Nxd4 Qxe4 15.Nb5 Bxb2
16.Re1 Rb8 17.f3 Qe5 18.Bd3 Qg3 19.Nbc3 h3 20.Re2 Bxc3 21.Nxc3 hxg2 22.Qd2 Qh3
23.Rxg2 Nc5 24.Nd5 f6 25.Bc2 Be6 26.Qf2 Bxd5 27.cxd5 f5 28.Rh2 Ne4 29.Bxe4  1-0

[Event "FSIMB July"]
[Site "Budapest HUN"]
[Date "2001.07.09"]
[Round "8"]
[White "Pedersen,NV"]
[Black "Castaneda,N"]
[Result "1-0"]
[WhiteElo "2382"]
[BlackElo "2341"]

1.d4 Nf6 2.c4 g6 3.Nc3 Bg7 4.e4 d6 5.Be2 O-O 6.Nf3 e5 7.d5 a5 8.h3 Na6 9.Bg5 h6
10.Be3 Qe7 11.Nd2 Bd7 12.g4 Nc5 13.h4 Nh7 14.Nf1 Rfe8 15.Qd2 Bf6 16.Bxc5 dxc5
17.Qxh6 Ra6 18.Nd2 Rb6 19.O-O-O a4 20.a3 Ra8 21.Rh2 Ra5 22.Rdh1 Bh8 23.Qe3 Bg7
24.Rg2 Rf6 25.f3 c6 26.Bd1 Qd6 27.Bc2 Rf4 28.Re2 Nf6 29.Ree1 Ne8 30.Ne2 b5
31.dxc6 Bxc6 32.cxb5 Bxb5 33.Qc3 Qb6 34.h5 Bxe2 35.Rxe2 Ra8 36.h6 Bf6 37.Nc4 Qe6
38.Rd2 Kh7 39.Rd5 Qe7 40.Rhd1 Ra7 41.Nb6 Bg5 42.Kb1 Nc7 43.Rxe5 Nb5 44.Qxc5 Qxc5
45.Rxc5 Ra5 46.Rdd5  1-0

[Event "Canadian Open"]
[Site "Sackville CAN"]
[Date "2001.07.09"]
[Round "4"]
[White "Cummings,D"]
[Black "Gaspariants,V"]
[Result "1-0"]
[WhiteElo "2369"]
[BlackElo "2305"]

1.c4 Nf6 2.Nf3 d6 3.Nc3 g6 4.d4 Bg7 5.e4 O-O 6.Be2 e5 7.d5 c6 8.O-O cxd5
9.cxd5 Nbd7 10.Be3 Ng4 11.Bg5 f6 12.Bh4 Nh6 13.Nd2 g5 14.Bg3 f5 15.exf5 Nxf5
16.Nde4 Bh6 17.Bd3 Nf6 18.Nxf6+ Rxf6 19.Ne4 Rg6 20.Rc1 g4 21.Rc4 b5 22.Rc3 b4
23.Rc4 a5 24.Re1 Rg7 25.a3 Ba6 26.Rc6 Bb7 27.Nc5 dxc5 28.Bxf5 Bxc6 29.Be6+ Kh8
30.dxc6 Bf4 31.Qxd8+ Rxd8 32.Bh4 Rd6 33.Bd7 Rdxd7 34.cxd7 Rxd7 35.g3 Bd2
36.Rxe5 c4 37.axb4 axb4 38.Rc5 Kg7 39.Rxc4 h5 40.Kf1 Kf7 41.Rc5 Rb7 42.Rxh5 Ke6
43.Bg5 Bc3 44.bxc3 b3 45.Bc1 Ra7 46.Rb5 Ra1 47.Rxb3 Rxc1+ 48.Kg2 Rc2 49.Rb4 Kf5
50.Rf4+  1-0

[Event "Geller Mem"]
[Site "Odessa UKR"]
[Date "2001.07.10"]
[Round "8"]
[White "Eryomenko,V"]
[Black "Petrenko,S"]
[Result "1-0"]
[WhiteElo "2151"]
[BlackElo "2357"]

1.d4 Nf6 2.c4 g6 3.Nc3 Bg7 4.e4 d6 5.Nf3 O-O 6.Be2 e5 7.dxe5 dxe5 8.Qxd8 Rxd8
9.Bg5 Re8 10.Nd5 Nxd5 11.cxd5 c6 12.Bc4 cxd5 13.Bxd5 Nc6 14.Bxc6 bxc6 15.O-O Be6
16.Rfc1 f6 17.Be3 Rec8 18.Rc3 a5 19.Nd2 a4 20.Nc4 Bxc4 21.Rxc4 Rcb8 22.Rb1 Ra6
23.Kf1 Bf8 24.b4 Kf7 25.a3 Ke6 26.Rbc1 Kd7 27.Ke2 Bd6 28.h4 h5 29.Rd1 Ke6
30.f4 Re8 31.g4 Rg8 32.g5 fxg5 33.f5+ gxf5 34.exf5+ Ke7 35.hxg5  1-0

[Event "Trofeo Intel Pentium"]
[Site "Milan ITA"]
[Date "2001.07.12"]
[Round "3"]
[White "Lanzani,M"]
[Black "Drazic,S"]
[Result "1/2-1/2"]
[WhiteElo "2380"]
[BlackElo "2480"]

1.d4 Nf6 2.c4 g6 3.Nc3 d6 4.e4 Bg7 5.Nf3 O-O 6.Be2 e5 7.dxe5 dxe5 8.Qxd8 Rxd8
9.Bg5 Re8 10.Nd5 Nxd5 11.cxd5 c6 12.Bc4 cxd5 13.Bxd5 Nd7 14.O-O-O Nb6 15.Bb3 Be6
16.Bxe6 Rxe6 17.Kb1  1/2-1/2

[Event "ch-SUI"]
[Site "Scuol SUI"]
[Date "2001.07.14"]
[Round "3"]
[White "Moor,O"]
[Black "Golubev,M"]
[Result "1/2-1/2"]
[WhiteElo "2357"]
[BlackElo "2526"]

1.d4 Nf6 2.c4 g6 3.Nc3 Bg7 4.e4 d6 5.Be2 O-O 6.Nf3 e5 7.dxe5 dxe5 8.Qxd8 Rxd8
9.Bg5 Nbd7 10.O-O-O Rf8 11.Nd2 Nc5 12.Be3 Ne6 13.Nd5 c6 14.Nxf6+ Bxf6 15.Nb3 Be7
16.Kb1 a5 17.a4 c5 18.Rd5 b6 19.Rxe5 Bd7 20.Bd1 f6 21.Rd5 Bxa4 22.Nxc5 Nxc5
23.Bxc5  1/2-1/2

[Event "ch-SUI"]
[Site "Scuol SUI"]
[Date "2001.07.14"]
[Round "3"]
[White "Nemet,I"]
[Black "Burnier,D"]
[Result "1-0"]
[WhiteElo "2427"]
[BlackElo "2290"]

1.d4 Nf6 2.Nf3 g6 3.c4 Bg7 4.Nc3 O-O 5.e4 d6 6.Be2 e5 7.O-O exd4 8.Nxd4 Re8
9.Bf3 Nbd7 10.Bf4 a6 11.Qd2 Ne5 12.Be2 c5 13.Nc2 Be6 14.b3 Qa5 15.a3 Nh5
16.b4 cxb4 17.axb4 Qc7 18.Bxe5 Bxe5 19.f4 Bf6 20.Ne3 Qb6 21.Bxh5 Qd4 22.Qf2 Qxc3
23.e5 dxe5 24.Rac1 Qd4 25.Rcd1 Qxf4 26.Qe2 Qg5 27.Bf3 Rab8 28.Nd5 Bd8 29.c5 f6
30.Nc3 f5 31.Bd5 Qf6 32.Ne4 Qg7 33.Nd6 Re7 34.Bxe6+ Rxe6 35.Qc4 Qe7 36.Nxf5 gxf5
37.Rd6 Qf7 38.Rxe6 Kg7 39.Qd5 Bc7 40.Rxe5 Rd8 41.Qxf7+ Kxf7 42.Rfxf5+ Kg8
43.Re7  1-0

[Event "ch-SUI"]
[Site "Scuol SUI"]
[Date "2001.07.15"]
[Round "4"]
[White "Golubev,M"]
[Black "Meszaros,T"]
[Result "1/2-1/2"]
[WhiteElo "2526"]
[BlackElo "2344"]

1.d4 Nf6 2.c4 g6 3.Nc3 Bg7 4.e4 d6 5.Be2 O-O 6.Nf3 e5 7.Be3 Ng4 8.Bg5 f6
9.Bh4 Nc6 10.d5 Ne7 11.Nd2 Nh6 12.f3 g5 13.Bf2 Ng6 14.g4 Nf4 15.Qb3 c5 16.Nf1 Nf7
17.Ne3 Qa5 18.h4 a6 19.h5 Bd7 20.O-O b5 21.cxb5 Nxe2+ 22.Nxe2 axb5 23.Ng3 Rfb8
24.a3 Bf8 25.Qd3 Nd8 26.b4 cxb4 27.Be1 Qb6 28.Bxb4 Nb7 29.Kg2 Nc5 30.Qe2 Nb3
31.Rab1 Nd4 32.Qd3 Rc8 33.Rfc1 Rc7 34.Bc3 Rxa3 35.Bxd4 Ra2+ 36.Kh3 exd4 37.Nef5 Bxf5
38.exf5 Rc3 39.Rxc3 dxc3 40.Qe4 Qf2 41.Qe6+ Kh8 42.Qxf6+ Kg8 43.Qe6+  1/2-1/2

[Event "ch-SUI"]
[Site "Scuol SUI"]
[Date "2001.07.16"]
[Round "5"]
[White "Csiszar,C"]
[Black "Jenni,F"]
[Result "0-1"]
[WhiteElo "2364"]
[BlackElo "2461"]

1.d4 Nf6 2.Nf3 g6 3.c4 Bg7 4.Nc3 O-O 5.e4 d6 6.Be2 e5 7.Be3 h6 8.O-O Ng4
9.Bc1 Nc6 10.d5 Ne7 11.Ne1 h5 12.f3 Nh6 13.Be3 f5 14.Kh1 fxe4 15.fxe4 Ng4
16.Bg1 Bh6 17.Rf3 Kg7 18.c5 Bd7 19.Qb3 Nf6 20.Nc2 Bg4 21.cxd6 cxd6 22.Rf2 Qd7
23.Bb5 Qc7 24.Bd3 a6 25.a4 h4 26.Be2 Bxe2 27.Rxe2 Nh5 28.Bb6 Qd7 29.Kg1 Nf4
30.Rf2 Qg4 31.Kh1 Nd3 32.Rxf8 Rxf8 33.Rg1 h3 34.gxh3 Qxh3 35.Rg2 Bf4 36.Bg1 Bxh2
37.Rxh2 Qf3+ 38.Rg2 Rh8+ 39.Bh2 Qf1+  0-1

[Event "Lasker Mem Open"]
[Site "Barlinek CZE"]
[Date "2001.07.18"]
[Round "3"]
[White "Zielinska,Mar"]
[Black "Babaev,Ra"]
[Result "1/2-1/2"]
[WhiteElo "2399"]
[BlackElo "2361"]

1.d4 Nf6 2.Nf3 g6 3.c4 Bg7 4.Nc3 O-O 5.e4 d6 6.Be2 e5 7.O-O Nh5 8.g3 Bh3
9.Re1 exd4 10.Nxd4 Nf6 11.Bg5 h6 12.Be3 Bd7 13.Qd2 Kh7 14.f3 Nc6 15.Rad1 a6
16.Nc2 Re8 17.b3 Bf8 18.Bf1 Rb8 19.Bg2 b5 20.c5 dxc5 21.Qf2 c4 22.f4 Ng4
23.Qe2 cxb3 24.axb3 Nxe3 25.Qxe3 Qc8 26.Nd5 Bg7 27.e5 Ne7 28.Nxe7 Rxe7 29.Nb4 Re8
30.Nxa6 Rb6 31.Nc5 Bc6 32.Bxc6 Rxc6 33.b4 Rd8 34.Qf3 Rxd1 35.Rxd1 Qe8 36.Qd5 f6
37.Qd7 Qxd7 38.Rxd7 fxe5 39.fxe5 Kg8 40.e6 Kf8 41.Rf7+ Kg8 42.Rd7 Kf8 43.Rf7+  1/2-1/2

[Event "Trofeo Intel Pentium"]
[Site "Milan ITA"]
[Date "2001.07.18"]
[Round "9"]
[White "Laketic,G"]
[Black "Bellia,F"]
[Result "0-1"]
[WhiteElo "2444"]
[BlackElo "2401"]

1.d4 Nf6 2.Nf3 g6 3.c4 Bg7 4.Nc3 O-O 5.e4 d6 6.Be2 e5 7.d5 a5 8.Bg5 h6 9.Bh4 Na6
10.Nd2 Qe8 11.Rb1 Bd7 12.b3 h5 13.a3 Nh7 14.f3 Bh6 15.Bf2 Qe7 16.b4 axb4
17.axb4 h4 18.c5 dxc5 19.b5 Nb4 20.Nc4 h3 21.gxh3 Bxh3 22.b6 cxb6 23.Nxb6 Ra3
24.d6 Qd8 25.Ncd5 Ra2 26.Ne7+ Kh8 27.Bxc5 Bd2+ 28.Kf2 Nd3+ 29.Bxd3 Bb4+ 30.Kg3 Bxc5
31.Nbd5 Qd7 32.Be2 Ng5  0-1

[Event "16th Maccabia GM"]
[Site "Tel Aviv ISR"]
[Date "2001.07.18"]
[Round "4"]
[White "Roiz,M"]
[Black "Bitansky,I"]
[Result "1-0"]
[WhiteElo "2511"]
[BlackElo "2363"]

1.d4 g6 2.Nf3 Bg7 3.c4 Nf6 4.Nc3 O-O 5.e4 d6 6.Be2 e5 7.Be3 Nbd7 8.O-O c6
9.d5 c5 10.Nd2 Kh8 11.Bg5 a6 12.Rb1 h6 13.Bh4 Qc7 14.Qc2 Nh5 15.Bxh5 gxh5
16.Nd1 Rg8 17.Ne3 Nf8 18.Qd1 Ng6 19.Qxh5 Nf4 20.Qf3 Qa5 21.Rfd1 Qxa2 22.Bg3 Qa5
23.Bxf4 exf4 24.Qxf4 Qc7 25.Ndf1 Kh7 26.Nf5 Bxf5 27.Qxf5+ Kh8 28.Ng3 Be5
29.Qh5 Rg6 30.Rd3 Rag8 31.Kh1 Qd8 32.Nf5 Qf6 33.Rh3 Kh7 34.g3 Re8 35.b4 cxb4
36.Rxb4 Bf4 37.Qf3 Bd2 38.Rxb7 Rc8 39.Qd3 Bc1 40.Rd7 Bf4 41.Ne7 Be5 42.Nxg6 Qxg6
43.Qf3 Rxc4 44.Qxf7+ Qxf7 45.Rxf7+ Kg6 46.Re7 Kg5 47.Rh4  1-0

[Event "Lasker Mem Open"]
[Site "Barlinek CZE"]
[Date "2001.07.19"]
[Round "4"]
[White "Schmidt,Wl"]
[Black "Shilov,S"]
[Result "1/2-1/2"]
[WhiteElo "2438"]
[BlackElo "2291"]

1.Nf3 Nf6 2.c4 g6 3.Nc3 Bg7 4.e4 d6 5.d4 O-O 6.Be2 e5 7.O-O Nbd7 8.Be3 Ng4
9.Bg5 f6 10.Bd2 Nh6 11.b4 exd4 12.Nxd4 Ne5 13.Qc1 Nhf7 14.h3 Nc6 15.Nxc6 bxc6
16.Qc2 f5 17.Rad1 fxe4 18.Nxe4 Bf5 19.g4 Bxe4 20.Qxe4 Qh4 21.Qg2 Rae8 22.Bf3 Ne5
23.Be2 Nf7 24.Bf3 Ne5 25.Be2 Nf7 26.Bf3  1/2-1/2

[Event "EuChJun Girls"]
[Site "Patras GRE"]
[Date "2001.07.19"]
[Round "4"]
[White "Srebrnic,A"]
[Black "Kovalevskaya,N"]
[Result "1-0"]
[WhiteElo "2176"]
[BlackElo "2152"]

1.Nf3 Nf6 2.c4 g6 3.Nc3 Bg7 4.e4 d6 5.d4 O-O 6.Be2 e5 7.O-O Nbd7 8.Be3 exd4
9.Nxd4 Nc5 10.f3 h6 11.Qc2 Qe7 12.Rad1 Kh7 13.Rfe1 a6 14.Bf1 Bd7 15.b4 Ne6
16.Nb3 Rad8 17.Nd5 Qe8 18.Qc1 Ng8 19.c5 Bb5 20.cxd6 cxd6 21.Nb6 Qc6 22.Na5 Qxc1
23.Rxc1 Bxf1 24.Kxf1 Bd4 25.Bxd4 Nxd4 26.Red1 Ne6 27.Nac4 Ne7 28.Rxd6 Rxd6
29.Nxd6 Kg7 30.Nd5 Nc6 31.a3 Ncd8 32.Kf2 h5 33.Ke3 f5 34.exf5 gxf5 35.Nf4 Nxf4
36.Kxf4 Kg6 37.Rc8 h4 38.g4 hxg3 39.Kxg3 Kg7 40.Nxf5+ Rxf5 41.Rxd8 Rb5 42.Kg4 a5
43.bxa5 Rxa5 44.Rd3 Ra4+ 45.f4 b5 46.Rb3 Kh6 47.Kf5 Ra5 48.Ke6 Ra4 49.f5 Ra6+
50.Kd5 Kg5 51.Ke5 Ra5 52.Rg3+ Kh5 53.f6 b4+ 54.Ke4 bxa3 55.f7 a2 56.f8=Q Ra4+
57.Kf3  1-0